Probabilistic and causal inference : the works of Judea Pearl

Saved in:
Bibliographic Details
Other Authors Geffner, Hector (Editor), Dechter, Rina, 1950- (Editor), Halpern, Joseph Y., 1953- (Editor), Pearl, Judea (honouree.)
Format Electronic eBook
LanguageEnglish
Published [New York, NY, USA] : Association for Computing Machinery, [2022]
EditionFirst edition.
SeriesACM books ; #36.
Subjects
Online AccessFull text
ISBN9781450395892
9781450395885
9781450395878
9781450395861
ISSN2374-6777
Physical Description1 online zdroj (xxviii, 916 stran) : ilustrace

Cover

LEADER 00000cam a2200000 i 4500
001 108513
003 CZ-ZlUTB
005 20260618141757.0
006 m o d
007 cr |||||||||||
008 220519t20222022nyua fo 011 0deng d
020 |a 9781450395892  |q (electronic bk.) 
020 |a 9781450395885  |q (EPUB) 
020 |z 9781450395878  |q (pbk.) 
020 |z 9781450395861  |q (hbk.) 
035 |a (OCoLC)1319037364  |z (OCoLC)1311159107  |z (OCoLC)1311236268  |z (OCoLC)1311268209  |z (OCoLC)1311312933  |z (OCoLC)1311362433  |z (OCoLC)1311467182  |z (OCoLC)1312164780  |z (OCoLC)1313886370  |z (OCoLC)1314609057  |z (OCoLC)1315651368  |z (OCoLC)1317323431  |z (OCoLC)1319209630  |z (OCoLC)1321801017  |z (OCoLC)1330744180  |z (OCoLC)1366295531 
040 |a GZM  |c GZM  |d GZM  |d OCLCF  |d OCLCQ  |d EBLCP  |d YDX  |d ORU  |d CUS  |d OCLCQ  |d N$T  |d OCLCQ  |d NJT  |b eng  |e rda 
072 7 |a 004.8  |x Umělá inteligence  |2 Konspekt  |9 23 
080 |a 004.8  |2 MRF 
080 |a 510.647  |2 MRF 
080 |a 165.413  |2 MRF 
080 |a (0.034.2:08)  |2 MRF 
080 |a (048.8:082)  |2 MRF 
245 0 0 |a Probabilistic and causal inference :  |b the works of Judea Pearl /  |c Hector Geffner, editor, ICREA and Universität Pompeu Fabra, Rina Dechter, editor, University of California, Irvine, Joseph Y. Halpern, editor, Cornell University. 
250 |a First edition. 
264 1 |a [New York, NY, USA] :  |b Association for Computing Machinery,  |c [2022] 
264 4 |c ©2022 
300 |a 1 online zdroj (xxviii, 916 stran) :  |b ilustrace 
336 |a text  |b txt  |2 rdacontent 
337 |a počítač  |b c  |2 rdamedia 
338 |a online zdroj  |b cr  |2 rdacarrier 
490 1 |a ACM books ;  |v #36,  |x 2374-6777 
504 |a Obsahuje bibliografické odkazy a index. 
506 |a Plný text je dostupný pouze z IP adres počítačů Univerzity Tomáše Bati ve Zlíně nebo vzdáleným přístupem pro zaměstnance a studenty 
600 1 7 |a Pearl, Judea,  |d 1936-  |7 vse2012727269  |2 czenas 
650 0 7 |a umělá inteligence  |7 ph116536  |2 czenas 
650 0 7 |a kauzalita  |7 ph138223  |2 czenas 
650 0 7 |a pravděpodobnost  |7 ph360289  |2 czenas 
650 0 9 |a artificial intelligence  |2 eczenas 
650 0 9 |a causality  |2 eczenas 
650 0 9 |a probability  |2 eczenas 
655 7 |a elektronické knihy  |7 fd186907  |2 czenas 
655 7 |a kolektivní monografie  |7 fd501537  |2 czenas 
655 9 |a electronic books  |2 eczenas 
655 9 |a collective monographs  |2 eczenas 
700 1 |a Geffner, Hector,  |e editor. 
700 1 |a Dechter, Rina,  |d 1950-  |e editor. 
700 1 |a Halpern, Joseph Y.,  |d 1953-  |e editor. 
700 1 |a Pearl, Judea,  |e honouree. 
776 0 8 |i Print version:  |t Probabilistic and causal inference.  |b First Edition  |z 9781450395878  |w (OCoLC)1310845944 
830 0 |a ACM books ;  |v #36.  |x 2374-6777 
856 4 0 |u https://proxy.k.utb.cz/login?url=https://dl.acm.org/doi/book/10.1145/3501714 
942 |2 udc 
992 |c EBOOK-TN  |c ACM 
993 |x NEPOSILAT  |y EIZ 
999 |c 108513  |d 108513